| 000 | 00753nam a2200229Ia 4500 | ||
|---|---|---|---|
| 008 | 130821s2008 ck gr spa | ||
| 040 |
_aCo-BoUCM _bspa |
||
| 041 | 0 | 0 | _aspa |
| 060 | _aQT 255 | ||
| 100 | 1 |
_aBacca González, Cecilia _9165057 |
|
| 245 | 1 | 0 |
_aBioquímica de la actividad física ejercicios de aplicación _cCecilia Bacca González |
| 260 |
_aBogotá (Colombia) _bUniversidad INCCA de Colombia _c2008 |
||
| 300 | _a145 páginas | ||
| 490 | _aColección guías de estudio UNINCCA | ||
| 504 | _aIncluye índice. | ||
| 650 | 0 | 4 |
_aActividad motora _98430 |
| 650 | 0 | 4 |
_aBioquímica _910154 |
| 650 | 0 | 4 |
_aEjercicio _913933 |
| 650 | 0 | 4 |
_aLipidos _918574 |
| 650 | 0 | 4 |
_aProteínas _922655 |
| 942 |
_cLIBRO _a15 _e1 _mB116e _2NLM _hQT 255 _n0 |
||
| 999 |
_c59753 _d59753 |
||